000 00669nam a22002057a 4500
005 20160621114041.0
010 _aENG-115171
020 _a9789385288616
_c350.00
035 _aEN-98703
037 _bDBAD/PUB
082 _a612.3
100 _aEnders,Giulia
245 _aGut the inside story of our body's most under-rated organ /
_cby Giulia Enders ; translated by David Shaw
260 _aNew Delhi
_bSpeaking Tiger
_c2015
270 _a4381/4,Ansari Road, Daryaganj,
_bNew Delhi
_e110002
300 _a263p. :
_c21cm(pbk)
_bill.
500 _aIncludes bibliographical references
700 _aShaw, David
942 _2ddc
_cEN
_h612.3
_mEND
999 _c100103
_d100103